| 000 | 00634nam a2200193 i 4500 | ||
|---|---|---|---|
| 001 | 183758 | ||
| 003 | ES-MaACL | ||
| 005 | 20250827062642.0 | ||
| 008 | 141010s1861 sp l |||| | spa d | ||
| 110 | 1 |
_aEspaña _93622 |
|
| 240 | 1 | 0 | _aLey hipotecaria, 1861 |
| 245 | 1 | 1 | _a[Reglamento general para la ejecución de la ley de hipotecas]. |
| 260 |
_aMadrid : _b[s.n.], _c1861 ( _fImprenta Nacional) |
||
| 300 |
_a128 p. ; _c21 cm. |
||
| 594 | _aTítutlo tomado de principio del texto. | ||
| 650 | 4 |
_aHipotecas- _zEspaña- _vLegislación. _913366 |
|
| 852 |
_aES-MaACL _jT-269-F-3 _q.- Ejemplar sin portada |
||
| 999 |
_c183758 _d183758 |
||